[Event "British Rapidplay"]
[Site "Peterborough"]
[Date "2024.03.03"]
[Round "8"]
[White "Venkataramanan, TS."]
[Black "Sagues, Vincent"]
[Result "1/2-1/2"]
[WhiteElo "2253"]
[BlackElo "1982"]
[PlyCount "106"]
[EventDate "2024.03.02"]
[EventType "swiss (rapid)"]
[EventRounds "11"]
[EventCountry "ENG"]
[SourceTitle "CB10_2024"]
[SourceDate "2024.03.06"]
[SourceVersion "1"]
[SourceVersionDate "2024.03.06"]
[SourceQuality "1"]

1. e4 d5 2. exd5 Qxd5 3. Nc3 Qd8 4. d4 Nf6 5. Bc4 a6 6. Nf3 b5 7. Bb3 c5 8. dxc5 Qxd1+ 9. Nxd1 e6 10. Be3 Bb7 11. a4 b4 12. c3 Nc6 13. 0-0 Nd7 14. cxb4 Nxb4 15. Bc4 Bxc5 16. Rc1 Rc8 17. Nd2 0-0 18. b3 Rfd8 19. Bg5 Nf6 20. Nf3 h6 21. Be3 Ng4 22. Bxc5 Rxc5 23. Ne3 Nxe3 24. fxe3 Rdc8 25. Rcd1 Bd5 26. Ne5 f6 27. Nd7 Bxc4 28. bxc4 R5c6 29. c5 Nd5 30. Rb1 Nc3 31. Rb4 a5 32. Rg4 Kh7 33. h4 f5 34. Rc4 Ne4 35. Rfc1 R8c7 36. Rd1 Nf6 37. Nxf6+ gxf6 38. Rdc1 Kg7 39. Kf2 Kf7 40. Ke2 e5 41. Kd3 Ke6 42. g4 fxg4 43. Rxg4 Rxc5 44. Rxc5 Rxc5 45. Rg6 h5 46. Rh6 Kf7 47. Ke4 Rc4+ 48. Kf5 Rxh4 49. Rxf6+ Ke7 50. Re6+ Kd7 51. Rxe5 Rxa4 52. e4 h4 53. Kg4 Kd6 1/2-1/2

[Event "British Rapidplay"]
[Site "Peterborough"]
[Date "2024.03.02"]
[Round "3"]
[White "Sagues, Vincent"]
[Black "Pickard, Charles W"]
[Result "1-0"]
[WhiteElo "1982"]
[BlackElo "2121"]
[PlyCount "106"]
[EventDate "2024.03.02"]
[EventType "swiss (rapid)"]
[EventRounds "11"]
[EventCountry "ENG"]
[SourceTitle "CB10_2024"]
[SourceDate "2024.03.06"]
[SourceVersion "1"]
[SourceVersionDate "2024.03.06"]
[SourceQuality "1"]

1. e4 c5 2. Nf3 e6 3. d4 cxd4 4. Nxd4 Nf6 5. Nc3 Nc6 6. Ndb5 Bb4 7. a3 Bxc3+ 8. Nxc3 d5 9. exd5 exd5 10. Bg5 d4 11. Qe2+ Be6 12. Ne4 Qa5+ 13. Bd2 Qe5 14. Nxf6+ Qxf6 15. 0-0-0 0-0 16. Qh5 Bf5 17. Qg5 Qe6 18. Kb1 Rac8 19. Bd3 Bxd3 20. cxd3 Qb3 21. Bc1 b5 22. Qd2 a5 23. Qc2 Qd5 24. Qe2 Rfe8 25. Qf3 Qb3 26. Rde1 Ne5 27. Qe4 Qxd3+ 28. Qxd3 Nxd3 29. Rxe8+ Rxe8 30. Rd1 Nxf2 31. Rxd4 f6 32. Rd5 Re5 33. Rxe5 fxe5 34. Bd2 a4 35. Kc2 Kf7 36. Be1 Ng4 37. h3 Ne3+ 38. Kc3 Nd5+ 39. Kd2 Ke6 40. g4 Nf4 41. h4 Kd5 42. Kc3 e4 43. Bd2 Ng2 44. Bg5 h6 45. Be7 g6 46. h5 gxh5 47. gxh5 Nh4 48. Bxh4 Ke5 49. Bg3+ Kf5 50. Kd4 Kg4 51. Bd6 Kxh5 52. Kxe4 Kg4 53. Kd5 Kf3 1-0

[Event "BCF-chT3E 2223 (4NCL)"]
[Site "England"]
[Date "2023.04.29"]
[Round "9.52"]
[White "Rubeck, Jonathan"]
[Black "Sagues, Vincent"]
[Result "0-1"]
[WhiteElo "1918"]
[BlackElo "2067"]
[PlyCount "86"]
[EventDate "2022.11.05"]
[EventType "team-tourn"]
[EventRounds "11"]
[EventCountry "ENG"]
[SourceTitle "EXT 2024"]
[Source "ChessBase"]
[SourceDate "2023.10.10"]
[SourceVersion "1"]
[SourceVersionDate "2023.10.10"]
[SourceQuality "1"]
[WhiteTeam "Watford"]
[BlackTeam "Iceni"]
[WhiteTeamCountry "ENG"]
[BlackTeamCountry "ENG"]

1. e4 d5 2. exd5 Qxd5 3. Nc3 Qd8 4. d4 Nf6 5. h3 c6 6. Nf3 Bf5 7. Ne5 Nbd7 8. Nxd7 Qxd7 9. Be3 e6 10. a3 Bd6 11. Bd3 Bxd3 12. Qxd3 Nd5 13. Nxd5 cxd5 14. 0-0 0-0 15. f4 f5 16. Rae1 Rac8 17. Rf3 Rf6 18. c3 Qc7 19. Qd2 Rg6 20. Bf2 a6 21. Bh4 b5 22. Bg5 Kf7 23. Qf2 h6 24. Bh4 Rb8 25. Qd2 a5 26. Kh1 Qc4 27. Qe3 Qc8 28. g3 Qd7 29. Rg1 Be7 30. Bxe7 Qxe7 31. Qf2 Rf6 32. Re3 g5 33. Re5 Qa7 34. Rge1 b4 35. axb4 axb4 36. Qe2 bxc3 37. bxc3 gxf4 38. gxf4 Rg8 39. Rb1 Rfg6 40. Qh5 Kf6 41. Re2 Kg7 42. Reb2 Kh8 43. Rb7 Qxb7 0-1

[Event "BCF-chT3E 2223 (4NCL)"]
[Site "England"]
[Date "2022.11.05"]
[Round "1.42"]
[White "Sagues, Vincent"]
[Black "Freeman, Richard"]
[Result "1/2-1/2"]
[WhiteElo "2067"]
[BlackElo "2029"]
[PlyCount "36"]
[EventDate "2022.11.05"]
[EventType "team-tourn"]
[EventRounds "11"]
[EventCountry "ENG"]
[SourceTitle "EXT 2024"]
[Source "ChessBase"]
[SourceDate "2023.10.10"]
[SourceVersion "1"]
[SourceVersionDate "2023.10.10"]
[SourceQuality "1"]
[WhiteTeam "Iceni"]
[BlackTeam "MK Phoenix"]
[WhiteTeamCountry "ENG"]
[BlackTeamCountry "ENG"]

1. e4 c5 2. Nf3 g6 3. d4 cxd4 4. Nxd4 Bg7 5. c4 Nc6 6. Nc2 Nf6 7. Nc3 d6 8. Be2 0-0 9. 0-0 Nd7 10. Bd2 Nc5 11. f3 Ne6 12. Kh1 Ned4 13. Nxd4 Nxd4 14. Bd3 Bd7 15. Rb1 a6 16. Ne2 b5 17. Nxd4 Bxd4 18. cxb5 Bxb5 1/2-1/2

[Event "London Mindsports Rapid"]
[Site "London"]
[Date "2022.09.11"]
[Round "1.1"]
[White "Fitzsimons, David"]
[Black "Sagues, Vincent"]
[Result "1/2-1/2"]
[WhiteElo "2363"]
[BlackElo "1829"]
[PlyCount "162"]
[EventDate "2022.09.11"]
[EventType "swiss (rapid)"]
[EventRounds "9"]
[EventCountry "ENG"]
[SourceTitle "CBM 210 Extra"]
[Source "ChessBase"]
[SourceDate "2022.11.30"]
[SourceVersion "1"]
[SourceVersionDate "2022.11.30"]
[SourceQuality "1"]

1. c4 Nf6 2. Nf3 c6 3. e3 d5 4. Nc3 Bf5 5. cxd5 cxd5 6. Qb3 Bc8 7. Bb5+ Nc6 8. Ne5 Bd7 9. d4 e6 10. Bd2 Bd6 11. f4 Rc8 12. 0-0 a6 13. Bd3 Na5 14. Qd1 b5 15. a3 Nc4 16. Nxc4 bxc4 17. Bc2 Bc6 18. Qf3 Rb8 19. Rab1 0-0 20. g4 Nd7 21. Qh3 g6 22. g5 Re8 23. Nd1 f5 24. gxf6 Nxf6 25. Be1 Ne4 26. Bxe4 dxe4 27. Bh4 Qd7 28. Nf2 Bf8 29. Ng4 Bg7 30. Bf6 Bd5 31. Qh4 h5 32. Ne5 Bxf6 33. Qxf6 Qg7 34. Qxg6 Qxg6+ 35. Nxg6 Rb3 36. f5 exf5 37. Rxf5 Be6 38. Rg5 c3 39. Rf1 cxb2 40. Nf4+ Kh7 41. Rxh5+ Kg7 42. Rg5+ Kh7 43. Rb1 Rb7 44. d5 Rc8 45. Ne2 Rc2 46. Kf2 Bd7 47. Re5 Rxe2+ 48. Kxe2 Bb5+ 49. Kd2 Bd3 50. Rg1 Rg7 51. Rh5+ Kg8 52. Rhg5 Rxg5 53. Rxg5+ Kf8 54. Rg1 b1Q 55. Rxb1 Bxb1 56. Kc3 Ke7 57. Kd4 Kd6 58. h4 Ba2 59. Kxe4 Bxd5+ 60. Kd4 Bf7 61. e4 Bh5 62. a4 Bd1 63. a5 Ke6 64. e5 Bh5 65. Ke4 Bd1 66. Kd4 Bh5 67. Kc5 Kxe5 68. Kb6 Be2 69. h5 Kf6 70. Kc5 Kg5 71. Kb4 Kxh5 72. Ka3 Kg5 73. Kb2 Kf5 74. Ka1 Ke5 75. Kb2 Kd5 76. Ka1 Kc5 77. Kb2 Kb5 78. Ka1 Kxa5 79. Kb2 Kb4 80. Ka1 Ka3 81. Kb1 a5 1/2-1/2

[Event "London Mindsports Rapid"]
[Site "London"]
[Date "2022.09.11"]
[Round "2.11"]
[White "Sagues, Vincent"]
[Black "Baron, Patrik"]
[Result "1-0"]
[WhiteElo "1829"]
[BlackElo "1588"]
[PlyCount "59"]
[EventDate "2022.09.11"]
[EventType "swiss (rapid)"]
[EventRounds "9"]
[EventCountry "ENG"]
[SourceTitle "CBM 210 Extra"]
[Source "ChessBase"]
[SourceDate "2022.11.30"]
[SourceVersion "1"]
[SourceVersionDate "2022.11.30"]
[SourceQuality "1"]

1. e4 c6 2. d4 d5 3. Nc3 dxe4 4. Nxe4 Bf5 5. Ng3 Bg6 6. h4 h6 7. Nf3 Nd7 8. h5 Bh7 9. Bd3 Bxd3 10. Qxd3 Ngf6 11. Bd2 e6 12. 0-0-0 Be7 13. Ne4 Qc7 14. g3 0-0 15. Kb1 Nxe4 16. Qxe4 Nf6 17. Qe2 a5 18. Rdg1 a4 19. g4 Nh7 20. g5 Nxg5 21. Nxg5 Bxg5 22. Bxg5 hxg5 23. Rxg5 a3 24. b3 Ra5 25. Rg3 Qd7 26. Qe3 f5 27. Qc3 f4 28. Rg6 Rd5 29. h6 Rxd4 30. Rxg7+ 1-0

[Event "London Mindsports Rapid"]
[Site "London"]
[Date "2022.09.11"]
[Round "4.11"]
[White "Sagues, Vincent"]
[Black "Merriman, John"]
[Result "0-1"]
[WhiteElo "1829"]
[BlackElo "2206"]
[PlyCount "62"]
[EventDate "2022.09.11"]
[EventType "swiss (rapid)"]
[EventRounds "9"]
[EventCountry "ENG"]
[SourceTitle "CBM 210 Extra"]
[Source "ChessBase"]
[SourceDate "2022.11.30"]
[SourceVersion "1"]
[SourceVersionDate "2022.11.30"]
[SourceQuality "1"]

1. e4 e6 2. d4 d5 3. Nd2 Be7 4. exd5 exd5 5. Ndf3 Nf6 6. Bd3 0-0 7. Ne2 Nbd7 8. 0-0 c5 9. c3 Re8 10. h3 c4 11. Bc2 b5 12. a3 a5 13. Ne5 Bb7 14. f4 Ne4 15. Qe1 Ra6 16. Bxe4 dxe4 17. Ng3 Bh4 18. Qe3 g6 19. Nxd7 Qxd7 20. f5 Qc7 21. Ne2 Bc8 22. Qh6 Qd8 23. g3 Bf6 24. fxg6 hxg6 25. Nf4 Bg5 26. Ne6 Bxh6 27. Nxd8 Bxc1 28. Nxf7 Bxb2 29. Ra2 Bxc3 30. d5 Bd4+ 31. Kg2 e3 0-1

[Event "London Mindsports Rapid"]
[Site "London"]
[Date "2022.09.11"]
[Round "5.9"]
[White "Sagues, Vincent"]
[Black "Shafi, Declan"]
[Result "0-1"]
[WhiteElo "1829"]
[BlackElo "2213"]
[PlyCount "48"]
[EventDate "2022.09.11"]
[EventType "swiss (rapid)"]
[EventRounds "9"]
[EventCountry "ENG"]
[SourceTitle "CBM 210 Extra"]
[Source "ChessBase"]
[SourceDate "2022.11.30"]
[SourceVersion "1"]
[SourceVersionDate "2022.11.30"]
[SourceQuality "1"]

1. e4 e5 2. Nf3 Nc6 3. Bb5 a6 4. Ba4 Nf6 5. d3 d6 6. c3 g6 7. 0-0 Bg7 8. Re1 0-0 9. Nbd2 b5 10. Bc2 Bb7 11. Nf1 d5 12. Qe2 Re8 13. a4 Qd6 14. axb5 axb5 15. Rxa8 Rxa8 16. Bb3 Na5 17. Bxd5 Nxd5 18. exd5 Qxd5 19. Ng3 Nb3 20. Be3 Rd8 21. Rd1 c5 22. Ne1 f5 23. Bg5 Rd7 24. Nc2 Qxg2# 0-1

[Event "Europe Echecs online op April"]
[Site "Europe Echecs INT"]
[Date "2020.04.11"]
[Round "2"]
[White "Efimov, Igor"]
[Black "Sagues, Vincent"]
[Result "1-0"]
[WhiteElo "2435"]
[BlackElo "1970"]
[PlyCount "67"]
[EventDate "2020.04.11"]
[EventType "swiss (blitz)"]
[EventRounds "11"]
[EventCountry "FRA"]
[SourceTitle "EXT 2021"]
[Source "ChessBase"]
[SourceDate "2020.10.23"]
[SourceVersion "1"]
[SourceVersionDate "2020.10.23"]
[SourceQuality "1"]

1. d4 d5 2. Nf3 Nf6 3. c4 c6 4. e3 Bf5 5. Nc3 e6 6. Qb3 Qb6 7. c5 Qc7 8. Qa4 Nbd7 9. b4 e5 10. Be2 Be7 11. b5 0-0 12. 0-0 e4 13. Ne1 Ng4 14. g3 h5 15. Ng2 h4 16. Rb1 h3 17. Nf4 Ngf6 18. bxc6 bxc6 19. Ba6 Rab8 20. Bd2 g5 21. Nfe2 Bg4 22. Rb3 Rxb3 23. axb3 Bf3 24. b4 Nb8 25. b5 Nxa6 26. Qxa6 Rc8 27. Ra1 Qd7 28. Qxa7 Rc7 29. Qa8+ Kg7 30. b6 Bxe2 31. bxc7 Qg4 32. c8Q Ng8 33. Qxg4 Bxg4 34. Qxc6 1-0

[Event "Europe Echecs online op April"]
[Site "Europe Echecs INT"]
[Date "2020.04.11"]
[Round "9"]
[White "Sagues, Vincent"]
[Black "Macqueron, Gregory"]
[Result "0-1"]
[WhiteElo "1970"]
[BlackElo "1928"]
[PlyCount "108"]
[EventDate "2020.04.11"]
[EventType "swiss (blitz)"]
[EventRounds "11"]
[EventCountry "FRA"]
[SourceTitle "EXT 2021"]
[Source "ChessBase"]
[SourceDate "2020.10.23"]
[SourceVersion "1"]
[SourceVersionDate "2020.10.23"]
[SourceQuality "1"]

1. e4 d6 2. d4 Nf6 3. Nc3 Nbd7 4. f4 e5 5. dxe5 dxe5 6. Nf3 Bb4 7. fxe5 Nxe4 8. Bd2 Bxc3 9. Bxc3 Nxc3 10. bxc3 0-0 11. Bd3 Qe7 12. Qe2 Re8 13. 0-0 Nxe5 14. Nxe5 Qxe5 15. Qxe5 Rxe5 16. Bc4 Be6 17. Bxe6 Rxe6 18. Rad1 Rae8 19. Rd7 R6e7 20. Rfd1 Kf8 21. R1d2 f6 22. Kf2 Kf7 23. Kf3 Ke6 24. R7d4 c6 25. Ra4 a6 26. Re4+ Kf5 27. Rf4+ Kg6 28. Rg4+ Kf7 29. Rh4 h6 30. Rhd4 Re3+ 31. Kf2 Rxc3 32. Rd7+ Re7 33. Rd8 Ra3 34. c4 Rc3 35. R8d4 c5 36. Rd6 Rxc4 37. Rb6 Rb4 38. Rbd6 c4 39. R6d4 b5 40. Rd6 c3 41. Rc2 Rb2 42. Rxb2 cxb2 43. Rd1 Rc7 44. Rb1 Rc2+ 45. Ke3 Rxg2 46. h4 a5 47. Kd3 a4 48. Kc3 a3 49. Kb3 Rg3+ 50. Kb4 f5 51. Kxb5 f4 52. Kb4 f3 53. Kxa3 f2+ 54. Kxb2 Rg1 0-1

[Event "BCF-chT3Sa 1819 (4NCL)"]
[Site "England"]
[Date "2019.02.09"]
[Round "5.34"]
[White "Sagues, Vincent"]
[Black "Habershon, Paul F"]
[Result "1-0"]
[WhiteElo "1935"]
[BlackElo "2040"]
[PlyCount "57"]
[EventDate "2018.11.17"]
[EventType "team-tourn"]
[EventRounds "7"]
[EventCountry "ENG"]
[SourceTitle "EXT 2021"]
[Source "ChessBase"]
[SourceDate "2020.10.23"]
[SourceVersion "1"]
[SourceVersionDate "2020.10.23"]
[SourceQuality "1"]
[WhiteTeam "Iceni"]
[BlackTeam "MK Phoenix"]
[WhiteTeamCountry "ENG"]
[BlackTeamCountry "ENG"]

1. e4 Nf6 2. e5 Nd5 3. d4 d6 4. Nf3 Bg4 5. Be2 c6 6. Ng5 Bf5 7. Bg4 Qd7 8. Qf3 Bxg4 9. Qxf7+ Kd8 10. h3 Nc7 11. hxg4 h6 12. e6 Qe8 13. Qf5 Kc8 14. Nf7 Rg8 15. Qh7 Nxe6 16. Qxg8 Nd7 17. Nxh6 Nxd4 18. Qc4 e5 19. Nf5 d5 20. Qc3 g6 21. Ne3 Qf7 22. Nd2 Nb5 23. Qd3 Nc5 24. Qf1 Nd6 25. b3 Kc7 26. Bb2 Qf4 27. Rh7+ Nd7 28. g3 Qg5 29. Nf3 1-0

[Event "London Classic U2050 op 10th"]
[Site "London"]
[Date "2018.12.15"]
[Round "2"]
[White "Sagues, Vincent"]
[Black "Taylor, William J"]
[Result "1/2-1/2"]
[WhiteElo "1929"]
[BlackElo "2078"]
[PlyCount "39"]
[EventDate "2018.12.14"]
[EventType "swiss"]
[EventRounds "5"]
[EventCountry "ENG"]
[SourceTitle "CBM 187 Extra"]
[Source "ChessBase"]
[SourceDate "2018.11.04"]
[SourceVersion "1"]
[SourceVersionDate "2018.11.04"]
[SourceQuality "1"]

1. e4 e5 2. Nf3 Nc6 3. Bb5 a6 4. Ba4 Nf6 5. d3 d6 6. c3 g6 7. 0-0 Bg7 8. Re1 0-0 9. Nbd2 Re8 10. Nf1 b5 11. Bc2 h6 12. a4 b4 13. a5 Rb8 14. d4 bxc3 15. bxc3 d5 16. Ba4 Bd7 17. Bxc6 Bxc6 18. Nxe5 Rxe5 19. dxe5 Nxe4 20. Qd4 1/2-1/2

[Event "BCF-chT3Sa 1819 (4NCL)"]
[Site "England"]
[Date "2018.11.17"]
[Round "1.45"]
[White "Sagues, Vincent"]
[Black "Duncan, Patrick"]
[Result "1/2-1/2"]
[WhiteElo "1922"]
[BlackElo "2024"]
[PlyCount "51"]
[EventDate "2018.11.17"]
[EventType "team-tourn"]
[EventRounds "7"]
[EventCountry "ENG"]
[SourceTitle "EXT 2021"]
[Source "ChessBase"]
[SourceDate "2020.10.23"]
[SourceVersion "1"]
[SourceVersionDate "2020.10.23"]
[SourceQuality "1"]
[WhiteTeam "Iceni"]
[BlackTeam "Check Innmates"]
[WhiteTeamCountry "ENG"]
[BlackTeamCountry "ENG"]

1. e4 c6 2. d4 d5 3. Nc3 dxe4 4. Nxe4 Nd7 5. Nf3 Ngf6 6. Ng3 e6 7. Bd3 c5 8. 0-0 Bd6 9. dxc5 Bxc5 10. Qe2 0-0 11. Bd2 b6 12. Ne4 Be7 13. Nxf6+ Nxf6 14. c4 Bb7 15. Bc3 Qc7 16. Ne5 Rad8 17. Rad1 Rfe8 18. Rd2 g6 19. Rfd1 Nh5 20. Be4 Nf6 21. Rxd8 Rxd8 22. Rxd8+ Bxd8 23. Bxb7 Qxb7 24. Qd3 Be7 25. Qd4 Ne4 26. Ng4 1/2-1/2

[Event "Basingstoke 4NCL Spring Bank op-B 1st"]
[Site "Basingstoke"]
[Date "2018.05.27"]
[Round "4"]
[White "Stevenson, James"]
[Black "Sagues, Vincent"]
[Result "1/2-1/2"]
[WhiteElo "2049"]
[BlackElo "1907"]
[PlyCount "54"]
[EventDate "2018.05.25"]
[EventType "swiss"]
[EventRounds "7"]
[EventCountry "ENG"]
[SourceTitle "CBM 184 Extra"]
[Source "ChessBase"]
[SourceDate "2018.06.28"]
[SourceVersion "1"]
[SourceVersionDate "2018.06.28"]
[SourceQuality "1"]

1. d4 d5 2. c4 c6 3. Nf3 Nf6 4. Nc3 dxc4 5. e3 b5 6. a4 b4 7. Na2 e6 8. Bxc4 Nbd7 9. 0-0 Be7 10. Qe2 0-0 11. e4 Bb7 12. e5 Nd5 13. Bd2 a5 14. Nc1 c5 15. dxc5 Nxc5 16. Re1 Nb6 17. Bb5 Qd5 18. Be3 Rfd8 19. Bxc5 Qxc5 20. Nd3 Bxf3 21. Qxf3 Qd5 22. Qe2 Rac8 23. Rad1 Qb3 24. Nc1 Qc2 25. Rxd8+ Bxd8 26. Qxc2 Rxc2 27. Nd3 Kf8 1/2-1/2

[Event "Basingstoke 4NCL Spring Bank op-B 1st"]
[Site "Basingstoke"]
[Date "2018.05.26"]
[Round "3"]
[White "Sagues, Vincent"]
[Black "Bennett, Dominic"]
[Result "1/2-1/2"]
[WhiteElo "1907"]
[BlackElo "1951"]
[PlyCount "43"]
[EventDate "2018.05.25"]
[EventType "swiss"]
[EventRounds "7"]
[EventCountry "ENG"]
[SourceTitle "CBM 184 Extra"]
[Source "ChessBase"]
[SourceDate "2018.06.28"]
[SourceVersion "1"]
[SourceVersionDate "2018.06.28"]
[SourceQuality "1"]

1. e4 c5 2. Nf3 e6 3. d4 cxd4 4. Nxd4 a6 5. Bd3 Qc7 6. Qe2 Ne7 7. c4 Nbc6 8. Be3 Ng6 9. Nxc6 dxc6 10. Qd2 e5 11. Nc3 Bb4 12. 0-0 0-0 13. a3 Bd6 14. Na4 Qe7 15. Nb6 Rb8 16. Nxc8 Rbxc8 17. Qc2 Bc5 18. Bd2 Rfd8 19. Rfd1 Bd4 20. Rac1 Qf6 21. Be3 Nf8 22. b4 1/2-1/2

[Event "Wakefield 4NCL op 14th"]
[Site "Wakefield"]
[Date "2017.07.15"]
[Round "2"]
[White "Savage, Nicholas W"]
[Black "Sagues, Vincent"]
[Result "1/2-1/2"]
[WhiteElo "2017"]
[BlackElo "1884"]
[PlyCount "100"]
[EventDate "2017.07.14"]
[EventType "swiss"]
[EventRounds "5"]
[EventCountry "ENG"]
[SourceTitle "CBM 179 Extra"]
[Source "ChessBase"]
[SourceDate "2017.08.23"]
[SourceVersion "1"]
[SourceVersionDate "2017.08.23"]
[SourceQuality "1"]

1. d4 d5 2. c4 c6 3. Nf3 Nf6 4. Nc3 dxc4 5. a4 Bf5 6. Ne5 Nbd7 7. Nxc4 Qc7 8. g3 e5 9. dxe5 Nxe5 10. Bf4 Nfd7 11. Bg2 Be6 12. Nxe5 Nxe5 13. Qd4 f6 14. 0-0 Be7 15. Rfc1 Qa5 16. Rab1 Bb4 17. Ne4 Rd8 18. Qe3 Bf7 19. Bxe5 Qxe5 20. Qxa7 Qe7 21. Nc5 Bxc5 22. Qxc5 Qxc5 23. Rxc5 Bb3 24. a5 Rd2 25. a6 bxa6 26. Rxc6 Kd7 27. Rxa6 Rxe2 28. Rb6 Bc2 29. Ra1 Rc8 30. Rc1 Rce8 31. Bc6+ Kc7 32. Bxe8 Kxb6 33. Bh5 Rd2 34. Bf7 Be4 35. b3 Bf3 36. Bc4 Bd5 37. Bxd5 Rxd5 38. Rc3 h5 39. h4 g5 40. Rf3 gxh4 41. Rxf6+ Kc7 42. gxh4 Rd4 43. Rf3 Rxh4 44. Rd3 Rf4 45. Kg2 h4 46. f3 Kc6 47. Kh3 Kc5 48. Rc3+ Kd5 49. Rc4 Rxf3+ 50. Kxh4 Rxb3 1/2-1/2

[Event "London Weekend op 12"]
[Site "London"]
[Date "2016.12.09"]
[Round "1"]
[White "Healey, Michael W"]
[Black "Sagues, Vincent"]
[Result "1/2-1/2"]
[WhiteElo "2173"]
[BlackElo "1886"]
[PlyCount "103"]
[EventDate "2016.12.09"]
[EventType "swiss"]
[EventRounds "5"]
[EventCountry "ENG"]
[SourceTitle "CBM 176 Extra"]
[Source "ChessBase"]
[SourceDate "2017.03.02"]
[SourceVersion "1"]
[SourceVersionDate "2017.03.02"]
[SourceQuality "1"]

1. e4 e6 2. b3 d5 3. Bb2 Nf6 4. e5 Nfd7 5. Qg4 c5 6. f4 Nc6 7. Nf3 h5 8. Qh3 g6 9. Na3 a6 10. c4 Nb6 11. Be2 dxc4 12. bxc4 Na4 13. Rb1 Nxb2 14. Rxb2 Nd4 15. Nc2 Nxc2+ 16. Rxc2 Bd7 17. 0-0 Bc6 18. Kh1 Be7 19. d4 cxd4 20. Rd2 Bc5 21. Ng5 Qe7 22. Bf3 Bxf3 23. Qxf3 Kf8 24. Ne4 Kg7 25. Qg3 h4 26. Qg4 Rh5 27. Rd3 b6 28. Nf6 Rhh8 29. Rdf3 Rad8 30. f5 exf5 31. Rxf5 Qe6 32. Nd5 Rd7 33. Nf6 Ra7 34. h3 Kf8 35. R5f3 Qxg4 36. hxg4 Kg7 37. a4 Re7 38. Nd5 Ra7 39. Nf6 Re7 40. Ne4 Rb8 41. Ng5 Rbb7 42. e6 fxe6 43. Rf6 e5 44. Ne6+ Kh7 45. Nf8+ Kg7 46. Rxg6+ Kh8 47. Rg5 Rf7 48. Ng6+ Kh7 49. Rxf7+ Rxf7 50. Nxe5 Rf1+ 51. Kh2 Bd6 52. g3 1/2-1/2

[Event "London Classic CSC op 7th"]
[Site "London"]
[Date "2015.12.06"]
[Round "5"]
[White "Pospisil, Evzen"]
[Black "Sagues, Vincent"]
[Result "1-0"]
[WhiteElo "2158"]
[BlackElo "1924"]
[PlyCount "155"]
[EventDate "2015.12.04"]
[EventType "swiss"]
[EventRounds "5"]
[EventCountry "ENG"]
[SourceTitle "CBM 169 Extra"]
[Source "ChessBase"]
[SourceDate "2015.12.18"]
[SourceVersion "1"]
[SourceVersionDate "2015.12.18"]
[SourceQuality "1"]

1. d4 Nf6 2. Nf3 g6 3. g3 Bg7 4. c4 d5 5. cxd5 Nxd5 6. Bg2 Nc6 7. 0-0 0-0 8. Nc3 Nb6 9. e3 e5 10. d5 Na5 11. e4 Nac4 12. Re1 Bd7 13. b3 Nd6 14. Ba3 Re8 15. Rc1 Bh6 16. Rc2 a5 17. Bc1 Bg7 18. a4 Nbc8 19. Bf1 c5 20. dxc6 Bxc6 21. Ba3 Bf8 22. Rd2 Qf6 23. Bb2 Qe7 24. Nd5 Bxd5 25. Rxd5 f6 26. Ba3 Qe6 27. Qd3 Nf7 28. Bxf8 Kxf8 29. Rc1 Ncd6 30. Qe3 Qe7 31. Bh3 Ra6 32. Rdc5 f5 33. Rc7 Qf6 34. exf5 gxf5 35. Qc5 Kg8 36. Bf1 Raa8 37. Bc4 Nxc4 38. Qxc4 Re7 39. Nh4 Rae8 40. Rxe7 Qxe7 41. Nxf5 Qf6 42. Qg4+ Kh8 43. Ne3 Nh6 44. Qh4 Qg7 45. Qh3 Rf8 46. Rc8 Rxc8 47. Qxc8+ Ng8 48. Kg2 Qf7 49. Qc4 Qf6 50. Ng4 Qd6 51. Qe4 Kg7 52. Qxe5+ Qxe5 53. Nxe5 Ne7 54. Nc4 Nc6 55. f4 Kf6 56. Kf2 Ke6 57. Ke3 Kd5 58. g4 Kc5 59. h4 Kb4 60. Nd2 Ne7 61. f5 h5 62. Kf4 hxg4 63. Kxg4 Kc3 64. f6 Ng6 65. Nc4 Kxb3 66. Nxa5+ Kxa4 67. Nxb7 Kb4 68. h5 Nf8 69. Nd8 Kc5 70. Kf5 Kd6 71. Nf7+ Kd7 72. Ng5 Ke8 73. h6 Nh7 74. Nxh7 Kf7 75. Ng5+ Kg8 76. Kg6 Kh8 77. Nf7+ Kg8 78. h7+ 1-0

[Event "Hampstead op 30th"]
[Site "Hampstead"]
[Date "2015.07.04"]
[Round "1"]
[White "Sagues, Vincent"]
[Black "Migdal, Benedikt"]
[Result "1/2-1/2"]
[WhiteElo "1911"]
[BlackElo "2168"]
[PlyCount "41"]
[EventDate "2015.07.04"]
[EventType "swiss"]
[EventRounds "5"]
[EventCountry "ENG"]
[SourceTitle "CBM 167 Extra"]
[Source "ChessBase"]
[SourceDate "2015.09.14"]
[SourceVersion "1"]
[SourceVersionDate "2015.09.14"]
[SourceQuality "1"]

1. e4 e6 2. d4 d5 3. Nd2 Be7 4. Bd3 c5 5. dxc5 Nf6 6. exd5 exd5 7. Nb3 0-0 8. Nf3 a5 9. 0-0 Na6 10. Nbd4 Nxc5 11. Nf5 Nxd3 12. Nxe7+ Qxe7 13. Qxd3 Qe4 14. Bg5 Nd7 15. Rad1 f6 16. Be3 Ne5 17. Nxe5 Qxe5 18. Qxd5+ Qxd5 19. Rxd5 Be6 20. Rd4 Rfc8 21. c3 1/2-1/2

[Event "Hampstead op 30th"]
[Site "Hampstead"]
[Date "2015.07.04"]
[Round "2"]
[White "Wu, Haoran"]
[Black "Sagues, Vincent"]
[Result "1/2-1/2"]
[WhiteElo "1782"]
[BlackElo "1911"]
[PlyCount "64"]
[EventDate "2015.07.04"]
[EventType "swiss"]
[EventRounds "5"]
[EventCountry "ENG"]
[SourceTitle "CBM 167 Extra"]
[Source "ChessBase"]
[SourceDate "2015.09.14"]
[SourceVersion "1"]
[SourceVersionDate "2015.09.14"]
[SourceQuality "1"]

1. d4 Nf6 2. c4 g6 3. Nc3 d5 4. cxd5 Nxd5 5. e4 Nxc3 6. bxc3 Bg7 7. Bc4 c5 8. Ne2 0-0 9. 0-0 Nc6 10. Be3 Qc7 11. Bb3 Rd8 12. Qc2 b5 13. a3 c4 14. Ba2 e5 15. d5 Na5 16. f4 Bh6 17. Qd2 Bg4 18. f5 Bxe3+ 19. Qxe3 Bxe2 20. Qxe2 Rd6 21. Qg4 Qe7 22. Rf3 Kg7 23. Raf1 f6 24. Rh3 g5 25. Rh5 Kh8 26. h4 Rg8 27. Rf3 gxh4 28. Qxh4 Qg7 29. Rg3 Qf7 30. Rh3 Rg7 31. Rh6 Kg8 32. Rg6 Kf8 1/2-1/2

[Event "Southend op 59th"]
[Site "Southend"]
[Date "2015.04.06"]
[Round "7"]
[White "Sagues, Vincent"]
[Black "Brozel, Sacha"]
[Result "1/2-1/2"]
[WhiteElo "1909"]
[BlackElo "2003"]
[PlyCount "39"]
[EventDate "2015.04.03"]
[EventType "swiss"]
[EventRounds "7"]
[EventCountry "ENG"]
[SourceTitle "EXT 2017"]
[Source "ChessBase"]
[SourceDate "2016.10.25"]
[SourceVersion "1"]
[SourceVersionDate "2016.10.25"]
[SourceQuality "1"]

1. e4 c5 2. Nf3 e6 3. d4 cxd4 4. Nxd4 a6 5. Bd3 Qc7 6. 0-0 Nf6 7. Nc3 b5 8. Re1 Bb7 9. e5 b4 10. Nb1 Nd5 11. c4 bxc3 12. Nxc3 Bc5 13. Nxd5 Bxd5 14. Nb3 Bb6 15. Qg4 g6 16. Bg5 Nc6 17. Bf6 Rg8 18. Rac1 Qa7 19. Qg3 Bd8 20. Bxd8 1/2-1/2